000 00603nam a22001937a 4500
003 OSt
005 20180116183032.0
008 151222b xxu||||| |||| 00| 0 eng d
020 _a05-691-2000-1
024 _205-691-2000-1
040 _cLahore LUMS
082 _a 174.4 LUM 2000
100 _aTirmizi S A, Imtiaz F
245 _aMANAGEMENT APPRAISAL AT ATTOCK REFINERY LIMITED (B)
_cTirmizi S A, Imtiaz F
260 _aLahore LUMS
_b Lahore University of Management Sciences
_c2000
300 _a02 p.
_bPapers
440 _aMANAGEMENT APPRAISAL AT ATTOCK REFINERY LIMITED (B)
942 _2ddc
_cCS
999 _c351076
_d351076